| 000 | 01248nam a22004330a 4500 | ||
|---|---|---|---|
| 001 | PT59974 | ||
| 003 | AR-LpoUNG | ||
| 005 | 20210131231936.0 | ||
| 008 | 191001s2015||||ag |||||||||||||||||spa d | ||
| 020 |
_a9789876144902 _c$14 |
||
| 040 |
_aAR-LpoUNG _bspa _cAR-LpoUNG _eaacr |
||
| 041 | _aspa | ||
| 044 | _aag | ||
| 082 | 0 | _aR304.23 387atl | |
| 100 | 1 |
_aAlfieri, Carlos _ecoor. |
|
| 245 | 1 | 3 |
_aEl atlas de la globalización : _btodas las claves del proceso que está cambiando el mundo |
| 250 | _a1ra. ed. | ||
| 260 |
_aBuenos Aires : _bCapital Intelectual : Le Monde Diplomatique : Fundación Mondiplo, _c2015. |
||
| 300 |
_a190 p. : _btbls., gráfs., mapas |
||
| 650 | 4 | _aANALISIS HISTORICO | |
| 650 | 4 | _aASPECTOS ECONOMICOS | |
| 650 | 4 | _aASPECTOS POLITICOS | |
| 650 | 4 | _aASPECTOS SOCIALES | |
| 650 | 4 | _aATLAS | |
| 650 | 4 | _aGEOGRAFIA | |
| 650 | 4 | _aGEOGRAFIA HUMANA | |
| 650 | 4 | _aGEOGRAFIA POLITICA | |
| 650 | 4 | _aGEOPOLITICA | |
| 650 | 4 | _aGLOBALIZACION | |
| 650 | 4 | _aMEDIO AMBIENTE | |
| 650 | 4 | _aMIGRACION | |
| 650 | 4 | _aPOBLACION | |
| 650 | 4 | _aRECURSOS ENERGETICOS | |
| 650 | 4 | _aURBANIZACION | |
| 700 | 1 |
_aDenis, Jean-Pierre _eed. |
|
| 700 | 1 |
_aGreilsamer, Laurent _eed. |
|
| 905 | _a59974 | ||
| 942 | _cLSALA | ||
| 999 |
_c12729 _d12729 |
||